[Event "Baku Open 2013"]
[Site "Baku AZE"]
[Date "2013.09.25"]
[Round "7.10"]
[White "Safarli,E"]
[Black "Ghaem Maghami,E"]
[Result "1-0"]
[WhiteElo "2660"]
[BlackElo "2549"]

1.e4 c5 2.Nf3 e6 3.d4 cxd4 4.Nxd4 a6 5.Bd3 Nf6 6.O-O Qc7 7.Qe2 d6 8.c4 g6
9.Nc3 Bg7 10.Rd1 O-O 11.Nf3 Nc6 12.Bc2 Nd7 13.Bf4 Nde5 14.Rac1 Bd7 15.Bb3 Rfc8
16.h3 Be8 17.Be3 Nxf3+ 18.Qxf3 Ne5 19.Qg3 Qb8 20.Bd4 b5 21.cxb5 axb5 22.f4 Nc4
23.Bxg7 Kxg7 24.f5 Qb6+ 25.Kh2 Qe3 26.Bxc4 Qxg3+ 27.Kxg3 Rxc4 28.fxe6 fxe6
29.Rxd6 b4 30.Ne2 Rxe4 31.Nf4 Kf6 32.Rb6 Rxa2 33.Rf1 Re3+ 34.Kf2 Re4 35.Kg3 Re3+
36.Kh2 Ke7 37.Rb7+ Kd6 38.Rd1+ Ke5 39.Nd3+ Kf5 40.Rxb4 g5 41.Rb8 Bf7 42.Rb5+ Kg6
43.Rd2 Ra7 44.Ne5+ Kg7 45.Ng4 Re4 46.Rxg5+ Bg6 47.Rb5 Rc7 48.b4 Re1 49.Rb2 Bf5
50.Re5 Rxe5 51.Nxe5 Kf6 52.Ng4+ Bxg4 53.hxg4 Kg5 54.Kg3 Rc3+ 55.Kf2 Kxg4
56.b5 Kf4 57.b6 Rc8 58.Rb4+ Ke5 59.Ke3 Kd5 60.Kf4 Rf8+ 61.Kg5 e5 62.b7 Rb8
63.Kf5 Rf8+ 64.Kg4 Rb8 65.Kf3 h5 66.Ke3 h4 67.Rb1 Kc6 68.Ke4 Kc7 69.Rb4 Kd6
70.Rb2 Kc7 71.Kxe5 Re8+ 72.Kf5 Kb8 73.Kg4 Re4+ 74.Kh3 Rc4 75.Rb5 Ra4 76.Rh5 Kxb7
77.Rxh4 Ra3+ 78.g3 Kc6 79.Rd4 Kc5 80.Rd8 Kc6 81.Kh4 Kc7 82.Rd4 Ra8 83.g4 Rh8+
84.Kg5 Kc6 85.Kf6 Kc5 86.Rd1  1-0

[Event "Baku Open 2013"]
[Site "Baku AZE"]
[Date "2013.09.26"]
[Round "8.28"]
[White "Guliev,L"]
[Black "Heydarli,K"]
[Result "1/2-1/2"]
[WhiteElo "2380"]
[BlackElo "2278"]

1.e4 c5 2.Nf3 e6 3.d4 cxd4 4.Nxd4 a6 5.Bd3 Nf6 6.O-O d6 7.Qe2 g6 8.c4 Bg7
9.Nc3 O-O 10.Rd1 Qc7 11.Nf3 Nc6 12.Bf4 Nd7 13.Rac1 Nce5 14.b3 b6 15.Bb1 Bb7
16.Nd4 Rfd8 17.Bg5 Re8 18.f4 Nc6 19.Nxc6 Qxc6 20.Kh1 Nc5 21.b4 Na4 22.Nxa4 Qxa4
23.Rxd6 Qxb4 24.e5 Rac8 25.Bd3 Qc5 26.Bh4 b5 27.Bf2 Qa3 28.Rb1 bxc4 29.Bxc4 Qa4
30.Rd4 Qc6 31.Be3 Red8 32.Bd3 Rxd4 33.Bxd4 Bf8 34.Bg1 Rd8 35.Rb6 Qc8 36.h3 Ba8
37.Be4 Qc1 38.Rb1 Qxf4 39.Bxa8 Rxa8 40.Rf1 Qa4 41.Qf3 Qe8 42.Qb7 Be7 43.Rd1 Bg5
44.Rf1 Be7 45.Rc1 Qd8 46.Bb6 Rb8 47.Bxd8 Rxb7 48.Bxe7 Rxe7 49.Rc6 Rd7 50.Rxa6 Rd5
51.a4 Rxe5 52.a5 Kg7 53.Ra7 h5 54.a6 Ra5 55.Ra8 Ra1+ 56.Kh2 h4 57.Ra7 e5
58.Ra8 e4 59.a7 f5 60.g4 Ra2+ 61.Kg1 f4 62.Re8 Rxa7 63.Rxe4 Ra1+ 64.Kg2 Ra2+
65.Kf3 g5 66.Rb4 Ra3+ 67.Ke4 Rxh3 68.Kf5 f3 69.Kxg5 Kf7 70.Rf4+ Ke6 71.Rf5 Ke7
72.Kh5 Ke6 73.Kg5 Ke7 74.Kh5  1/2-1/2

[Event "Baku Open 2013"]
[Site "Baku AZE"]
[Date "2013.09.26"]
[Round "8.18"]
[White "Kotronias,V"]
[Black "Omar,Noa"]
[Result "0-1"]
[WhiteElo "2579"]
[BlackElo "2362"]

1.e4 c5 2.Nf3 e6 3.d4 cxd4 4.Nxd4 a6 5.Bd3 Bc5 6.Nb3 Ba7 7.Qg4 Nf6 8.Qg3 Nc6
9.Nc3 d6 10.Bg5 h6 11.Bd2 Ne5 12.Be2 b5 13.O-O-O b4 14.Na4 Ng6 15.Bf3 Rb8
16.h4 e5 17.h5 Nf8 18.Qxg7 Rh7 19.Qg3 Bd7 20.Nac5 dxc5 21.Qxe5+ Ne6 22.Be3 Qe7
23.Rhe1 Rc8 24.Qh2 c4 25.Bxa7 cxb3 26.axb3 Ba4 27.bxa4 Qxa7 28.e5 Nd7 29.Be4 Rg7
30.Re3 b3 31.Rxb3 Qxf2 32.Kb1 Qe2 33.Bf3 Qxc2+ 34.Ka2 Rc4 35.Ra3 Rb4 36.Rb1 Rxa4
37.Qg1 Nec5 38.Qe3 Nd3 39.Bd1 Nb4+  0-1

[Event "UKR-POL Academic Teams"]
[Site "Lviv UKR"]
[Date "2013.09.28"]
[Round "4"]
[White "Tazbir,M"]
[Black "Mazurchak,B"]
[Result "1-0"]
[WhiteElo "2552"]
[BlackElo "2209"]

1.e4 c5 2.Ne2 e6 3.d4 cxd4 4.Nxd4 a6 5.Bd3 Nf6 6.O-O Qc7 7.Be3 b5 8.a4 b4
9.Nd2 Bb7 10.f4 Bc5 11.Qe2 d6 12.N4b3 Bxe3+ 13.Qxe3 Nbd7 14.a5 O-O 15.Ra4 e5
16.Rxb4 d5 17.fxe5 Nxe5 18.Qb6 Qxb6+ 19.axb6 Nxd3 20.cxd3 a5 21.Ra4 Ra6 22.Nc5 Rxb6
23.e5 Bc6 24.exf6 Bxa4 25.fxg7 Rc8 26.Nxa4 Rb4 27.Ra1 Rc2 28.Nf3 d4 29.Ne5 Rb3
30.Nc4 Kxg7 31.Nc5 Rb5 32.Ne4 Rb3 33.Nf2 a4 34.g3 Rb7 35.Rxa4 Re7 36.Ra5 Re1+
37.Kg2 Re3 38.Nxe3 dxe3 39.Rf5 Rxb2 40.Rf3 exf2 41.Rxf2 Rb1 42.Kf3 Kf6 43.Ke4+ Ke6
44.Ra2 Re1+ 45.Kd4 h5 46.Rf2 Rh1 47.Ke4 Re1+ 48.Kf4 f6 49.d4 Rd1 50.Re2+ Kf7
51.Ke3 Ke6 52.Kf4+ Kf7 53.Ke4 Ke6 54.Ra2 Re1+ 55.Kf3 Rd1 56.Ra6+ Kd5 57.Ke3 Re1+
58.Kf2 Rd1 59.h4 f5 60.Rf6 Ke4 61.Re6+ Kd3 62.d5 Kd4 63.d6 Kd5 64.Ke2 Rd4
65.Rh6 Ke4 66.Rxh5 Rxd6 67.Rh8 f4 68.Re8+ Kf5 69.Rf8+ Kg4 70.gxf4 Re6+ 71.Kd3 Kxh4
72.Rg8 Kh5 73.Kd4 Kh6 74.f5 Re1 75.f6 Rf1 76.Ke5 Re1+ 77.Kd6 Rd1+ 78.Ke7 Re1+
79.Kf8 Rf1 80.f7 Kh7 81.Ke7 Re1+ 82.Kd6 Rf1 83.f8=Q  1-0

[Event "9th Highlands Open"]
[Site "Trebic CZE"]
[Date "2013.09.28"]
[Round "9"]
[White "Walek,Petr"]
[Black "Tesar,J"]
[Result "1-0"]
[WhiteElo "2060"]
[BlackElo "2085"]

1.e4 c5 2.Nf3 e6 3.d4 cxd4 4.Nxd4 a6 5.Bd3 Bc5 6.Nb3 Be7 7.Nc3 d6 8.O-O Nf6
9.a4 b6 10.Qe2 Nbd7 11.f4 Qc7 12.Kh1 Bb7 13.Bd2 h5 14.Rae1 h4 15.Rf3 e5 16.f5 O-O
17.Bg5 Rfe8 18.Rh3 d5 19.exd5 e4 20.Qf2 Nh5 21.Bxe7 Rxe7 22.Qxh4 Ndf6 23.Be2 g6
24.Bxh5 Nxh5 25.Qg5 Re5 26.Nd4 Qc5 27.Rxh5 Qxd4 28.Rh8+ Kxh8 29.Qh6+  1-0

[Event "ch-GER w Rapid 2013"]
[Site "Gladenbach GER"]
[Date "2013.09.29"]
[Round "9.5"]
[White "Zahn,Alina"]
[Black "Carow,A"]
[Result "1/2-1/2"]
[WhiteElo "1965"]
[BlackElo "2028"]

1.e4 c5 2.Nf3 e6 3.d4 cxd4 4.Nxd4 a6 5.Bd3 Bc5 6.Nb3 Be7 7.O-O Nc6 8.c4 Nf6
9.Nc3 O-O 10.Re1 d6 11.Be3 b6 12.f3 Bb7 13.Qd2 Rc8 14.Rac1 Ne5 15.Qe2 Re8
16.Red1 Qc7 17.Na4 Nfd7 18.f4 Nxd3 19.Qxd3 Qc6 20.Nc3 Qxc4 21.Qxc4 Rxc4 22.Nd2 Rc7
23.Nd5 Rxc1 24.Nxe7+ Rxe7 25.Rxc1 Kf8 26.Nc4 d5 27.Nxb6 Nxb6 28.Bxb6 Ke8
29.exd5 exd5 30.Rc7 Rxc7 31.Bxc7 Kd7 32.Be5 f6 33.Bd4 Ke6 34.Kf2 Kf5 35.Kf3 Bc6
36.g4+ Ke6 37.Ke3 Bb5 38.a3 Bc4  1/2-1/2

[Event "Vasteras Open 2013"]
[Site "Vasteras SWE"]
[Date "2013.09.29"]
[Round "8.1"]
[White "Hillarp Persson,T"]
[Black "Miezis,N"]
[Result "0-1"]
[WhiteElo "2543"]
[BlackElo "2546"]

1.e4 c5 2.Nf3 e6 3.d4 cxd4 4.Nxd4 a6 5.Bd3 Nc6 6.Nxc6 dxc6 7.O-O e5 8.Nd2 Qc7
9.a4 Nf6 10.Nc4 Bc5 11.Qf3 h5 12.Qg3 Ng4 13.Be2 Be6 14.b4 h4 15.Qa3 Bd4 16.c3 Ba7
17.Qb2 h3 18.g3 O-O 19.a5 Rad8 20.Bd2 Kh8 21.Rae1 Rd7 22.Qc1 Qd8 23.Bxg4 Bxc4
24.Bxd7 Qxd7 25.Be3 Bxe3 26.Qxe3 Rd8 27.Qg5 Bxf1 28.Rxf1 f6 29.Qh5+ Kg8 30.Re1 Qd2
31.Rf1 Qxc3 32.Qxh3 Qxb4 33.Qe6+ Kf8 34.Qa2 Rd2 35.Qe6 Rd4 36.h4 Rxe4 37.h5 Qe7
38.Qc8+ Kf7 39.h6 gxh6 40.Qh8 Kg6 41.Rb1 Rd4 42.Qg8+ Kf5 43.Rb3 e4 44.Qb8 Rd7
45.Re3 Qe6 46.Qf4+ Kg6 47.Rxe4 Qf5 48.Qe3 Rd1+ 49.Kh2 Qd5 50.g4 Qd3 51.Qxd3 Rxd3
52.Re7 Rb3 53.f4 h5 54.f5+ Kh6 55.gxh5 Kxh5 56.Rg7 Rb5 57.Kg3 Rxa5 58.Kf4 Ra4+
59.Kf3 Rb4 60.Rg6 a5  0-1

[Event "23rd EYCC Girls U18 2013"]
[Site "Budva MNE"]
[Date "2013.09.30"]
[Round "2.3"]
[White "Tantsiura,M"]
[Black "Shamatava,A"]
[Result "1/2-1/2"]
[WhiteElo "2189"]
[BlackElo "2064"]

1.e4 c5 2.Nf3 e6 3.d4 cxd4 4.Nxd4 a6 5.Bd3 Nf6 6.Be3 Qc7 7.Nc3 Bb4 8.Bd2 O-O
9.O-O Nc6 10.Nxc6 bxc6 11.f4 d6 12.Kh1 Bc5 13.Qf3 Rb8 14.e5 Nd5 15.Ne4 Rxb2
16.c4 Rxd2 17.Nxd2 Ne3 18.Rfe1 dxe5 19.Nb3 Ba7 20.fxe5 Nf5 21.c5 a5 22.Qe4 g6
23.Rad1 Rd8 24.Bf1 Rd5 25.Rxd5 cxd5 26.Qa4 Qe7 27.Rc1 Qg5 28.Re1 Kg7 29.Qxa5 Bb8
30.Qd2 Qh4 31.Kg1 f6 32.g3 Nxg3 33.hxg3 Qxg3+ 34.Bg2 Bxe5 35.Rxe5 fxe5 36.c6 h5
37.Qf2 Qc3 38.Qe2 e4 39.Qb5 Qe1+ 40.Qf1 Qc3 41.Qf4 e5 42.Qg5 Kf7 43.Qh6 Qe1+
44.Kh2 Qh4+ 45.Kg1 Qe1+  1/2-1/2

[Event "23rd EYCC Open U18 2013"]
[Site "Budva MNE"]
[Date "2013.09.30"]
[Round "2.10"]
[White "Emiroglu,C"]
[Black "Tesik,C"]
[Result "1-0"]
[WhiteElo "2260"]
[BlackElo "2372"]

1.e4 c5 2.Nf3 e6 3.d4 cxd4 4.Nxd4 a6 5.Bd3 Bc5 6.Be3 d6 7.O-O Nf6 8.Nc3 O-O
9.e5 dxe5 10.Nxe6 Bxe6 11.Bxc5 Re8 12.Ne4 Nbd7 13.Ba3 Qc7 14.Re1 Nxe4 15.Bxe4 Nc5
16.Bxc5 Qxc5 17.Bxb7 Rab8 18.Bxa6 Rxb2 19.a4 Rxc2 20.Re2 Rc3 21.Bb5 Rc8 22.Rd2 g6
23.Rd8+ Rxd8 24.Qxd8+ Kg7 25.Qd2 Bd5 26.Bf1 Qd4 27.Qe1 Bc6 28.a5 Rc2 29.Rc1 Rxc1
30.Qxc1 Bd5 31.a6 Qa7 32.Qd2 Qc5 33.h4 Bc6 34.h5 h6 35.hxg6 Kxg6 36.Qd8 Qd5
37.Qxd5 Bxd5 38.f3 f5 39.g4 Kf6 40.gxf5 Bc6 41.Kf2 Kxf5 42.Bd3+ Ke6 43.Be4 Kd6
44.a7  1-0

[Event "23rd EYCC Girls U18 2013"]
[Site "Budva MNE"]
[Date "2013.10.03"]
[Round "5.8"]
[White "Tomnikova,L"]
[Black "Shamatava,A"]
[Result "1-0"]
[WhiteElo "2171"]
[BlackElo "2064"]

1.e4 c5 2.Nf3 e6 3.d4 cxd4 4.Nxd4 a6 5.Bd3 Nf6 6.O-O Qc7 7.Qe2 d6 8.c4 Be7
9.Nc3 O-O 10.Be3 b6 11.Rac1 Bb7 12.f3 Nbd7 13.b3 Rac8 14.Rfd1 Rfe8 15.Qf2 Qb8
16.Nde2 Bd8 17.Bb1 Bc7 18.Qh4 d5 19.exd5 exd5 20.Bf4 b5 21.cxb5 Qa7+ 22.Kh1 Bd8
23.Qh3 Nf8 24.Bf5 Ra8 25.Nd4 g6 26.bxa6 Qxa6 27.Bd3 Qb6 28.Bb5 Nh5 29.Bxe8 Nxf4
30.Qg4 Qf6 31.Bb5 Bc7 32.Ne4 dxe4 33.Rxc7 Rxa2 34.Bf1 h5 35.Qg3 h4 36.Qe1 exf3
37.Rxb7 fxg2+ 38.Bxg2 Nxg2 39.Qe7 Qf4 40.Ne2 Qf3 41.Ng1 Qf4 42.Rd8 g5 43.Qxf8+  1-0

[Event "TCh-CRO II Liga 2013"]
[Site "Primosten CRO"]
[Date "2013.10.04"]
[Round "4.4"]
[White "Glavan,M"]
[Black "Bobanac,M"]
[Result "0-1"]
[WhiteElo "1994"]
[BlackElo "2303"]

1.e4 c5 2.Nf3 e6 3.d4 cxd4 4.Nxd4 a6 5.Bd3 Qc7 6.O-O Nc6 7.Nxc6 Qxc6 8.c4 b6
9.Qe2 Bb7 10.Nc3 Bc5 11.Be3 Ne7 12.Rfc1 Nf5 13.Bxc5 bxc5 14.Qg4 Nd4 15.Qxg7 O-O-O
16.Qg3 Rdg8 17.Qe3 f5 18.f3 Rg6 19.Bf1 Rhg8 20.b4 cxb4 21.Nd5 Qc5 22.Kh1 fxe4
23.fxe4 e5 24.Rab1 a5 25.Rb2 Bc6 26.Rf2 R8g7 27.Rd1 Ne6 28.Qxc5 Nxc5 29.Bd3 Rg4
30.Re2 Rf7 31.Kg1 Bxd5 32.cxd5 d6 33.Bc2 Rgf4 34.Rde1 Kb7 35.Bd1 Nd3 36.g3 R4f6
37.Ba4 Nxe1 38.Rxe1 Kb6 39.Rc1 Rc7 40.Bc6 Rf3 41.Re1 Rcf7 42.Rc1 Rc3 43.Rxc3 bxc3
44.Ba4 Kc5 45.Kg2 Kd4 46.Bc2 Ke3  0-1

[Event "Frauenbundesliga 2013-14"]
[Site "Germany GER"]
[Date "2013.10.05"]
[Round "1.4"]
[White "Rudolf,An"]
[Black "Krasnopeyeva,J"]
[Result "1-0"]
[WhiteElo "2281"]
[BlackElo "1918"]

1.e4 c5 2.Nf3 e6 3.d4 cxd4 4.Nxd4 a6 5.Bd3 Bc5 6.Nb3 Ba7 7.O-O Nc6 8.c4 d6
9.Qe2 Qh4 10.Be3 Nf6 11.Bxa7 Rxa7 12.h3 g5 13.Nc3 g4 14.c5 Rg8 15.Kh1 Nh5
16.Qe3 gxh3 17.g3 Qe7 18.Be2 Nf6 19.cxd6 Qxd6 20.Na5 Ra8 21.Rad1 Qc7 22.Nc4 e5
23.Nd6+ Ke7 24.Qc5 Nd7 25.Nd5+ Kd8 26.Nxc7  1-0

[Event "23rd EYCC Open U16 2013"]
[Site "Budva MNE"]
[Date "2013.10.06"]
[Round "7.17"]
[White "Rydstrom,Tom"]
[Black "Takacs,Las"]
[Result "1/2-1/2"]
[WhiteElo "2184"]
[BlackElo "2130"]

1.e4 c5 2.Nf3 e6 3.d4 cxd4 4.Nxd4 a6 5.Bd3 Qc7 6.Nc3 Nf6 7.O-O d6 8.Be3 b5
9.a4 b4 10.Na2 Bb7 11.c3 b3 12.Qxb3 Nxe4 13.Qc2 Nf6 14.Rfe1 Be7 15.b4 Nc6
16.Nxc6 Qxc6 17.f3 O-O 18.b5 axb5 19.Nb4 Qc7 20.axb5 d5 21.Na6 Qc8 22.Rec1 h6
23.Qf2 e5 24.Nc5 e4 25.Be2 exf3 26.Bxf3 Rxa1 27.Rxa1 Ba8 28.Ra7 Bxc5 29.Bxc5 Re8
30.Bd4 Qe6 31.b6 Bc6 32.Rc7 Re7 33.Rxe7 Qxe7 34.Qg3 Kh7 35.h3 Ne8 36.Kh2 Bb7
37.Qb8 Qd6+ 38.Be5 Qxb8 39.Bxb8 Nf6 40.c4 Ne4 41.cxd5 Bxd5 42.Be2 Bb7 43.Kg1 f5
44.Kf1 g5 45.Be5 Kg6 46.g3 h5 47.Bd3 h4 48.gxh4 gxh4 49.Bxe4  1/2-1/2

[Event "23rd EYCC Open U16 2013"]
[Site "Budva MNE"]
[Date "2013.10.06"]
[Round "7.9"]
[White "Bellahcene,B"]
[Black "Naoum,S"]
[Result "1-0"]
[WhiteElo "2319"]
[BlackElo "2203"]

1.e4 c5 2.Nf3 e6 3.d4 cxd4 4.Nxd4 a6 5.Bd3 Bc5 6.Nb3 Be7 7.Qg4 g6 8.Qe2 d6
9.O-O Nd7 10.Na3 Ne5 11.h3 Bd7 12.Rd1 Rc8 13.Be3 Nf6 14.Bh6 Bc6 15.Nd4 Bf8
16.Nxc6 Rxc6 17.Qd2 Bxh6 18.Qxh6 g5 19.f4 gxf4 20.Qxf4 Nh5 21.Qf2 Rg8 22.Re1 Qg5
23.Re3 Nf4 24.Bf1 Qh6 25.Rg3 Rxg3 26.Qxg3 Rc5 27.b4 Rc8 28.Rd1 Nh5 29.Qf2 Rc3
30.Nb1 Rg3 31.Rxd6 Qg5 32.Qc5 Nf3+ 33.Kf2 Rxg2+ 34.Bxg2 Qg3+ 35.Ke3 Ne5+
36.Kd2 Qxg2+ 37.Ke1 Qxe4+ 38.Kd2  1-0

[Event "Frauenbundesliga 2013-14"]
[Site "Germany GER"]
[Date "2013.10.06"]
[Round "2.3"]
[White "Stockova,Z"]
[Black "Kalinina,O"]
[Result "1-0"]
[WhiteElo "2366"]
[BlackElo "2290"]

1.e4 c5 2.Nf3 e6 3.d4 cxd4 4.Nxd4 a6 5.Bd3 Qc7 6.O-O Nf6 7.Nc3 Be7 8.Qe2 d6
9.Kh1 b5 10.f4 Nbd7 11.Bd2 Bb7 12.a3 O-O 13.Rae1 Rfd8 14.Rf3 e5 15.Nf5 Bf8
16.Rg3 Kh8 17.fxe5 dxe5 18.Bg5 Re8 19.Rh3 Qb6 20.Rf1 Ng8 21.Qh5 Qg6 22.Qh4 f6
23.Be3 h6 24.Rg3 Qh7 25.Qh5 Bc6 26.Nh4 g5 27.Nf5 Rac8 28.h4 Nc5 29.Rh3 Ne6
30.hxg5 fxg5 31.Nd5 Nf4 32.Nxf4 gxf4 33.Rxf4 exf4 34.Bd4+ Nf6 35.Bxf6+ Kg8
36.Rh4 Rc7 37.Rg4+ Bg7 38.Bxg7  1-0

[Event "23rd EYCC Girls U18 2013"]
[Site "Budva MNE"]
[Date "2013.10.08"]
[Round "9.1"]
[White "Ziaziulkina,N"]
[Black "Kuchava,A"]
[Result "1-0"]
[WhiteElo "2363"]
[BlackElo "2092"]

1.e4 c5 2.Nf3 e6 3.d4 cxd4 4.Nxd4 a6 5.Bd3 Nf6 6.O-O Qc7 7.c4 d6 8.Nc3 g6
9.Qe2 Bg7 10.Nf3 O-O 11.h3 Nc6 12.Rd1 Nd7 13.Bf4 Nde5 14.Rac1 Nxf3+ 15.Qxf3 Nd4
16.Qg3 e5 17.Be3 Qa5 18.Nd5 Be6 19.Bxd4 exd4 20.Qxd6 Rad8 21.Qc7 Qxa2 22.Qxb7 Rb8
23.Qc6 Rxb2 24.Ra1 Qb3 25.Qxa6 Rb8 26.Qd6 Bxd5 27.exd5 Bf8 28.Qf4 Qb6 29.Rdc1 Bd6
30.Qe4 Qc5 31.h4 Kg7 32.h5 f5 33.Qe6 R2b7 34.Ra6 Rd8 35.Bxf5 Re7 36.h6+ Kxh6
37.Qf6 Be5 38.Qh4+ Kg7 39.Be6 Rf8 40.Qe4 Bf4 41.Rc6 Qa7 42.Rd1 d3 43.Qxd3 Be5
44.c5 Qb8 45.g3 h5 46.Bh3 Bf6 47.d6 Re5 48.d7 Rd8 49.Rc8 Qa7 50.c6 Rc5 51.Qe4 Qb6
52.Kg2 g5 53.Be6 Re5 54.Qc4 Rc5 55.Qa4 Ra5 56.Qb3 Rb5 57.Qe3 Rc5 58.Bd5 Qa5
59.Qe6 Qc3 60.Qf7+ Kh6 61.c7 Rxc7 62.Rxc7 Qxc7 63.Qxf6+  1-0

[Event "7th Univ Cent Open 2013"]
[Site "Bogota COL"]
[Date "2013.10.10"]
[Round "1.11"]
[White "Escobar Forero,A"]
[Black "Ruiz Aguilar,P"]
[Result "1-0"]
[WhiteElo "2455"]
[BlackElo "2239"]

1.e4 c5 2.Nf3 e6 3.d4 cxd4 4.Nxd4 a6 5.Bd3 Qc7 6.Qe2 Ne7 7.f4 Nbc6 8.Nf3 Ng6
9.g3 Bc5 10.Be3 Qb6 11.Bxc5 Qxc5 12.Nc3 d6 13.O-O-O b5 14.h4 b4 15.Na4 Qa5
16.b3 Bd7 17.Qe3 Rd8 18.Bc4 Bc8 19.Rh2 O-O 20.Rhd2 d5 21.exd5 exd5 22.Rxd5 Rxd5
23.Rxd5 Qc7 24.Qc5 Nge7 25.Rd6 Rd8 26.Rxd8+ Qxd8 27.Ng5 Bg4 28.Nxf7 Qd1+
29.Kb2 Kf8 30.Ne5 Bf5 31.Be2 Qd4+ 32.Qxd4 Nxd4 33.Bxa6 Nxc2 34.g4 Ne3 35.gxf5 N7xf5
36.Nf3 g6 37.Nc5 Ng2 38.Nd3 Ngxh4 39.Nxh4 Nxh4 40.Nxb4  1-0

[Event "7th Univ Cent Open 2013"]
[Site "Bogota COL"]
[Date "2013.10.11"]
[Round "4.6"]
[White "Obregon Rivero,J"]
[Black "Martinez,Jor"]
[Result "1-0"]
[WhiteElo "2526"]
[BlackElo "2201"]

1.e4 c5 2.Nf3 e6 3.d4 cxd4 4.Nxd4 a6 5.Bd3 Nf6 6.O-O Qc7 7.Qe2 d6 8.c4 Nbd7
9.f4 h5 10.Nc3 Be7 11.Bd2 b6 12.b4 Bb7 13.Rae1 Rc8 14.f5 e5 15.Nc2 Qb8 16.Ne3 Kf8
17.Ned5 Bd8 18.h3 h4 19.Kh2 Qa8 20.Rc1 Rb8 21.Rfe1 Rg8 22.a4 Bc6 23.Nxf6 Bxf6
24.c5 dxc5 25.b5 Bb7 26.bxa6 Bc6 27.Bb5 Rd8 28.Red1 Nb8 29.Be3 Rd4 30.Bxd4 exd4
31.Bxc6 Be5+ 32.Kh1 Qxc6 33.a7 Nd7 34.Qb5 Qxb5 35.a8=Q+ Ke7 36.Qxg8 Qb2 37.Nd5+ Kd6
38.Qxf7 Kc6 39.Qe6+ Bd6 40.Qe8 Bb8 41.f6 Qf2 42.Nxb6 Kxb6 43.Qxd7  1-0

[Event "TCh-ISL Div1 2013-14"]
[Site "Reykjavik ISL"]
[Date "2013.10.12"]
[Round "3.1"]
[White "Thorhallsson,G"]
[Black "Omarsson,D"]
[Result "1-0"]
[WhiteElo "2154"]
[BlackElo "2246"]

1.e4 c5 2.Nf3 e6 3.d4 cxd4 4.Nxd4 a6 5.Bd3 Qc7 6.c4 Nf6 7.Nc3 d6 8.Be3 Be7
9.O-O O-O 10.Rc1 Nbd7 11.f4 b6 12.Qf3 Bb7 13.Kh1 Rfe8 14.a3 Bf8 15.b4 g6
16.Qh3 Bg7 17.Nf3 Rac8 18.Ng5 h6 19.Nf3 Qb8 20.Bd2 Nh7 21.f5 exf5 22.exf5 g5
23.f6 Nhxf6 24.Nd4 Re5 25.Nf5 Rxf5 26.Qxf5 Ne5 27.Nd5 Nxd5 28.cxd5 Re8 29.Be4 Re7
30.h4 Qe8 31.Qh7+  1-0

[Event "TCh-SUI 2013"]
[Site "Switzerland SUI"]
[Date "2013.10.12"]
[Round "8.7"]
[White "Duport,N SUI"]
[Black "Grandadam,N"]
[Result "1/2-1/2"]
[WhiteElo "2229"]
[BlackElo "2344"]

1.e4 c5 2.Nf3 e6 3.d4 cxd4 4.Nxd4 a6 5.Bd3 Qc7 6.O-O Nc6 7.Nxc6 bxc6 8.Nc3 e5
9.Qf3 Nf6 10.Qg3 d6 11.Kh1 a5 12.b3 g6 13.h3 Bg7 14.Ba3 O-O 15.Na4 Bd7 16.c4 Nh5
17.Qe3 f5 18.Qb6 Qc8 19.Bxd6 f4 20.Qc7 Qe8 21.Nb6 Bxh3 22.Bxf8 Bxg2+ 23.Kxg2 f3+
24.Kh1 Qxf8 25.Nxa8 Nf4 26.Nb6 Bf6 27.Qc8 Bd8 28.Kg1 h5 29.Rfd1 Qf6 30.Kf1 Qh4
31.Ke1 Ng2+ 32.Kd2 Qxf2+ 33.Kc1 Qd4 34.Rb1 Ne3 35.Rd2 f2 36.Nd5 cxd5 37.Qxd8+ Kh7
38.Qe7+ Kg8 39.Qe8+ Kg7 40.Qe7+ Kg8 41.Rxf2 Qc3+ 42.Rc2 Qxd3 43.Qe8+ Kh7
44.Qf7+ Kh6 45.Qf2 Qd1+ 46.Kb2 Qd4+ 47.Ka3 Qc5+ 48.b4 Nxc4+ 49.Ka4 Nb6+ 50.Ka3 Nc4+
51.Ka4 Nb6+  1/2-1/2

[Event "7th Univ Cent Open 2013"]
[Site "Bogota COL"]
[Date "2013.10.13"]
[Round "8.12"]
[White "Obregon Rivero,J"]
[Black "Herrera,Jua"]
[Result "1-0"]
[WhiteElo "2526"]
[BlackElo "2206"]

1.e4 c5 2.Nf3 e6 3.d4 cxd4 4.Nxd4 a6 5.Bd3 Nc6 6.Nb3 Nf6 7.f4 d6 8.O-O Be7
9.c4 b5 10.cxb5 axb5 11.Qe2 Rb8 12.Be3 Bd7 13.N1d2 Nb4 14.Bb1 e5 15.fxe5 dxe5
16.Nf3 Ng4 17.Rd1 Nxe3 18.Qxe3 Nc6 19.Bd3 Qb6 20.Qxb6 Rxb6 21.Rac1 f6 22.Be2 g5
23.Ne1 h5 24.g3 b4 25.Ng2 Be6 26.Bc4 Bxc4 27.Rxc4 Kf7 28.Ne3 Rd8 29.Nd5 Ra6
30.Rdc1 Rd6 31.h3 Bd8 32.g4 hxg4 33.hxg4 Bb6+ 34.Kf1 Bd4 35.R1c2 Ba7 36.Ke1 Bb8
37.Ke2 Rxd5 38.exd5 Ne7 39.Rxb4 Bd6 40.Rb7 Kg6 41.Nc5 Rxa2 42.Ne4 Nxd5 43.Nxd6  1-0

[Event "7th Univ Cent Open 2013"]
[Site "Bogota COL"]
[Date "2013.10.14"]
[Round "9.14"]
[White "Sanz Alonso,F"]
[Black "Hernandez Moya,Y"]
[Result "1-0"]
[WhiteElo "2351"]
[BlackElo "2218"]

1.e4 c5 2.Nf3 e6 3.d4 cxd4 4.Nxd4 a6 5.Bd3 Bc5 6.Nb3 Be7 7.O-O d6 8.f4 Nf6
9.Qe2 Qc7 10.Nc3 Nbd7 11.Bd2 b5 12.a3 Bb7 13.Rae1 O-O 14.Kh1 g6 15.e5 Nh5
16.Be4 Bxe4 17.Qxe4 d5 18.Qf3 Ng7 19.Nd4 Nb6 20.Nce2 Nc4 21.Bc1 Rfd8 22.Qh3 Qb6
23.Rf3 f5 24.c3 Rd7 25.Rg1 a5 26.g4 fxg4 27.Qxg4 Bc5 28.h4 Kh8 29.h5 Nxh5
30.Rg2 Re8 31.Rh3 b4 32.axb4 axb4 33.Rxh5 gxh5 34.Qxh5 Qd8 35.f5 exf5 36.Bg5 Be7
37.Nc6 Qa8 38.Nxe7 Rexe7 39.Bf6+ Rg7 40.Qh6 Qa1+ 41.Kh2 Qa7 42.e6 Ne3 43.Bd4 Qc7+
44.Kh3 Ng4 45.exd7 Nxh6 46.Bxg7+ Kg8 47.Bf6+  1-0

[Event "3rd Central Asia Cup"]
[Site "Dushanbe TJK"]
[Date "2013.10.15"]
[Round "4.5"]
[White "Djuraev,S"]
[Black "Kabilov,Amin"]
[Result "1-0"]
[WhiteElo "2354"]
[BlackElo "2153"]

1.e4 c5 2.Nf3 e6 3.d4 cxd4 4.Nxd4 a6 5.Bd3 Nf6 6.O-O d6 7.b3 Be7 8.Bb2 O-O
9.c4 b6 10.Nc3 Bb7 11.Re1 Nbd7 12.Bc2 Rc8 13.a4 Qc7 14.Qd2 Rfd8 15.Rad1 Bf8
16.Bb1 Qb8 17.f4 Qa8 18.Qc2 g6 19.h3 d5 20.cxd5 exd5 21.e5 Ne4 22.Qd3 Ndc5
23.Qe3 Nxc3 24.Bxc3 Ne4 25.Bb2 Bb4 26.e6  1-0

[Event "Indonesia Open 2013"]
[Site "Jakarta INA"]
[Date "2013.10.16"]
[Round "10.50"]
[White "Capitelli,P"]
[Black "Fauzan,M"]
[Result "1/2-1/2"]
[WhiteElo "2089"]
[BlackElo "2221"]

1.e4 c5 2.Nf3 e6 3.d4 cxd4 4.Nxd4 a6 5.Bd3 Nc6 6.Nxc6 bxc6 7.c4 Nf6 8.Nc3 e5
9.Qe2 Bc5 10.O-O Bd4 11.Be3 c5 12.Bxd4 cxd4 13.Nd5 d6 14.f4 Nd7 15.fxe5 Nxe5
16.Qf2 Bb7 17.Qxd4 Bxd5 18.exd5 O-O 19.Be2 Re8 20.b4 a5 21.a3 Qb8 22.c5 Qa7
23.Rad1 Reb8 24.Kh1 f6 25.c6 Qxd4 26.Rxd4 axb4 27.axb4 Ra2 28.Bf3 Kf8 29.Rb1 Ke7
30.b5 Rb6 31.h3 Kd8 32.Rdd1 Nxf3 33.gxf3 Ra5 34.Kg2 Rbxb5 35.Rxb5 Rxb5 36.Kg3 Rb4
37.Ra1 Rb5 38.Ra8+ Kc7 39.Ra7+ Kc8 40.Rxg7 h5 41.Rg8+ Kc7  1/2-1/2

[Event "TCh-Belgrade Premier liga 2013"]
[Site "Belgrade SRB"]
[Date "2013.10.17"]
[Round "6.5"]
[White "Tasev,D"]
[Black "Nedeljkovic,Dr"]
[Result "1-0"]
[WhiteElo "2213"]
[BlackElo "2152"]

1.e4 c5 2.Nf3 e6 3.d4 cxd4 4.Nxd4 a6 5.Bd3 Nc6 6.Nxc6 dxc6 7.O-O e5 8.Be3 Nf6
9.h3 Bd6 10.Nd2 Be6 11.Nb3 Qe7 12.Qe2 a5 13.Nd2 Nd7 14.Rfd1 O-O 15.Nf1 Nc5
16.Ng3 g6 17.Bh6 Rfd8 18.Qf3 Qh4 19.Be3 Be7 20.Rd2 Rd7 21.b3 Nxd3 22.Rxd3 Rxd3
23.cxd3 a4 24.Rb1 axb3 25.axb3 Ra3 26.Qd1 Bf8 27.Ra1 Qd8 28.Rxa3 Bxa3 29.Qa1 Qa5
30.d4 Bb4 31.Qd1 Bc3 32.Ne2 Bb2 33.dxe5 Bxe5 34.Bd4 Bxd4 35.Nxd4 Qd8 36.Qa1 Qd7
37.Qc3 Qd6 38.b4 f6 39.Qc5 Qd7 40.f4 Bf7 41.Kf2 h5 42.Kf3 Be6 43.Qc3 Kf7
44.Qc5 Qe7 45.Ke3 Qd7 46.Qb6 Ke7 47.Qa7 Qc7 48.h4 Bc8 49.Qc5+ Qd6 50.Qc4 Be6
51.Qc3 Bd7 52.Qc5 Bc8 53.g3 Qxc5 54.bxc5 f5 55.e5 Kd7 56.Kd3 Kc7 57.Kc4 b6
58.cxb6+ Kxb6 59.e6 Ba6+ 60.Kc3 Kc7 61.e7 Kd7 62.Nxc6 Bb7 63.Ne5+ Kxe7 64.Nxg6+ Kd6
65.Kd4 Bf3 66.Ne5 Be2 67.Nf7+ Ke7 68.Ng5 Kd6 69.Nf7+ Ke7 70.Ng5 Kd6 71.Nf7+ Ke7
72.Ne5 Kd6 73.Ke3 Bb5 74.Nf3 Bf1 75.Kd4 Bg2 76.Nd2 Bd5 77.Nf1 Ba2 78.Ne3 Bb1
79.Nc4+ Ke6 80.Kc5 Be4 81.Ne5 Bg2 82.Nc6 Be4 83.Nd4+ Ke7 84.Ne2 Ke6 85.Nc3 Bg2
86.Ne2 Be4 87.Nd4+ Ke7 88.Nb5 Ke6 89.Kd4 Bc6 90.Nc7+ Kd6 91.Na6 Bb7 92.Nc5 Bd5
93.Na4 Bc6 94.Nc3 Bd7 95.Nd5 Bc6 96.Nf6 Ke6 97.Nxh5  1-0

[Event "Indonesia Open 2013"]
[Site "Jakarta INA"]
[Date "2013.10.17"]
[Round "11.31"]
[White "Smirnov,Ant"]
[Black "Purnama,T"]
[Result "1-0"]
[WhiteElo "2306"]
[BlackElo "2382"]

1.e4 c5 2.Nf3 e6 3.d4 cxd4 4.Nxd4 a6 5.Bd3 Qc7 6.O-O Nf6 7.Qe2 d6 8.c4 Be7
9.Nc3 O-O 10.Kh1 b6 11.f4 Nbd7 12.Bd2 Rd8 13.Rac1 Bb7 14.Rf3 Bf8 15.Rh3 Rac8
16.Rf1 Re8 17.b3 Qb8 18.Bb1 e5 19.fxe5 Rxe5 20.Bf4 Ree8 21.Bg5 Rc5 22.Bxf6 Nxf6
23.Rg3 Qd8 24.Qf3 Kh8 25.Nd5 b5 26.Rh3 Re5 27.Qd1 Nxe4 28.Bxe4 Rxe4 29.Qd3 Bxd5
30.cxd5 Rh4 31.Rhf3 Rxd5 32.Rxf7 Be7 33.Qf3 Bf6 34.Qxd5  1-0

[Event "Caissa IM Oct 2013"]
[Site "Kecskemet HUN"]
[Date "2013.10.19"]
[Round "1.4"]
[White "Hajnal,Z"]
[Black "Sean,W"]
[Result "1-0"]
[WhiteElo "2346"]
[BlackElo "2360"]

1.e4 c5 2.Nf3 e6 3.d4 cxd4 4.Nxd4 a6 5.Bd3 Nc6 6.Be3 Nf6 7.Nc3 Qc7 8.O-O Ne5
9.Be2 b5 10.f4 Nc4 11.Bxc4 Qxc4 12.e5 Nd5 13.Nxd5 Qxd5 14.Qe2 Bb7 15.Nb3 Rc8
16.c3 Be7 17.Rad1 Qc4 18.Qf2 Bd5 19.Rd4 Qc7 20.Qg3 O-O 21.f5 Kh8 22.f6 gxf6
23.Rh4 Qxe5 24.Qh3 Be4 25.Bd4 Qd5 26.Rh5 Qd6 27.Qh4 Bg6 28.Rxf6 Kg8 29.Rh6 Rc4
30.Rxh7 Bxh7 31.Qg5+ Kh8 32.Be5 Qxe5 33.Qxe5 d6 34.Qg5 Re4 35.Qh6 Re2 36.Nd4 Re1+
37.Kf2 Rb1 38.Nxe6 Rxb2+ 39.Ke3 fxe6 40.Rxf8+ Bxf8 41.Qxf8+ Bg8 42.Qh6+ Bh7
43.g4 Rxa2 44.Qf6+  1-0